| Поле | Инд. | ПП | Название | Значение |
|---|---|---|---|---|
| Тип записи | a | |||
| Библиографический уровень | m | |||
| 001 | Контрольный номер | f801a9da-2e55-4b3d-8de7-60e090baeef7 | ||
| 005 | Дата корректировки | 20230504110415.1 | ||
| 008 | Кодируемые данные | 020318 | ||
| 040 | a | Служба первич. каталог. | НБ ТвГУ | |
| 041 | 0_ | a | Код языка текста | rus |
| 080 | a | Индекс УДК | 784.4.087.684(470) | |
| 084 | a | Индекс другой классификации/Индекс ББК | Щ941.1-092(2РОС=411.2) | |
| a | Индекс другой классификации/Индекс ББК | Щ92(2РОС=411.2)-4 | ||
| 090 | x | Авторский знак | К17 | |
| a | Полочн. индекс | 78М | ||
| 100 | 1_ | a | Автор | Калинников Виктор |
| 245 | 10 | a | Заглавие | Русские народные песни |
| b | Продолж. заглавия | Для смеш. хора | ||
| c | Ответственность | В обраб. Викт. Калинникова | ||
| 260 | 0_ | a | Место издания | Москва |
| b | Издательство | Музгиз | ||
| c | Дата издания | 1936 | ||
| 300 | a | Объем | 11 с. | |
| 500 | a | Примечание | Содерж.: Ты взойди, взойди солнце красное; У ворот, ворот батюшкиных; Заиграй моя волынка; Вниз по матушке по Волге; Эй, ухнем. | |
| 650 | 04 | a | Основная рубрика | Музыкальные произведения |
| x | Основная подрубрика | Нотные издания | ||
| 650 | 04 | a | Основная рубрика | Музыка вокальная |
| x | Основная подрубрика | Хор смешанный | ||
| 650 | 04 | a | Основная рубрика | Песни народные русские |
| x | Основная подрубрика | Обработка | ||
| 653 | 0_ | a | Ключевые слова | Музыкальные произведения |
| a | Ключевые слова | Вокальная музыка | ||
| a | Ключевые слова | Хор | ||
| a | Ключевые слова | Смешанный хор | ||
| a | Ключевые слова | Песни | ||
| a | Ключевые слова | Народные песни | ||
| a | Ключевые слова | Русские народные песни | ||
| a | Ключевые слова | Ноты | ||
| a | Ключевые слова | Ноты | ||
| 852 | 41 | i | Расстановочный признак | Проверка2023 |
| 920 | a | Оператор | Семен | |
| 930 | a | Новая/Ретро | ноты | |
| 952 | c | Вид литературы | К ру | |
| 954 | a | Дата поступления на обработку | 20020322 | |
| e | Дата перешифровки | 20230504 |